[Event "Paradiso op 6th"]
[Site "Paradiso"]
[Date "2011.05.13"]
[Round "1"]
[White "Ludin, Hubert"]
[Black "Salvetti, Alec"]
[Result "0-1"]
[WhiteElo "1971"]
[BlackElo "2266"]
[PlyCount "46"]
[EventDate "2011.05.13"]
[EventType "swiss"]
[EventRounds "5"]
[EventCountry "SUI"]
[SourceTitle "CBM 142 Extra"]
[Source "ChessBase"]
[SourceDate "2011.06.27"]
[SourceVersion "1"]
[SourceVersionDate "2011.06.27"]
[SourceQuality "1"]

1. d4 Nf6 2. Nf3 a6 3. Nbd2 d5 4. e3 e6 5. Bd3 c5 6. c3 Nc6 7. 0-0 Qc7 8. dxc5 Bxc5 9. e4 0-0 10. exd5 exd5 11. h3 Re8 12. Nb3 Ba7 13. Bc2 Bxh3 14. gxh3 Qg3+ 15. Kh1 Qxh3+ 16. Nh2 Bb8 17. f4 Nh5 18. Rf3 Ng3+ 19. Kg1 Ba7+ 20. Nd4 Re2 21. Qxe2 Nxe2+ 22. Kh1 Ng3+ 23. Kg1 Nxd4 0-1

[Event "Lugano New op 2nd"]
[Site "Lugano"]
[Date "2008.03.15"]
[Round "5"]
[White "Ludin, Hubert"]
[Black "Rossero, Tullio"]
[Result "0-1"]
[WhiteElo "2027"]
[BlackElo "1834"]
[PlyCount "46"]
[EventDate "2008.03.13"]
[EventType "swiss"]
[EventRounds "7"]
[EventCountry "SUI"]
[SourceTitle "EXT 2010"]
[Source "ChessBase"]
[SourceDate "2010.11.25"]
[SourceVersion "1"]
[SourceVersionDate "2010.11.25"]
[SourceQuality "1"]

1. d4 Nf6 2. Nf3 e6 3. e3 c5 4. c3 a6 5. Bd3 d5 6. 0-0 Bd7 7. Nbd2 Bc6 8. Ne5 Qc7 9. f4 Bb5 10. f5 Bxd3 11. Nxd3 Bd6 12. h3 0-0 13. dxc5 Bxc5 14. Nxc5 Qxc5 15. Nb3 Qb6 16. fxe6 fxe6 17. Kh1 Nbd7 18. Qd4 Qc7 19. Bd2 Ne4 20. Rxf8+ Rxf8 21. Re1 Rf2 22. Qd3 Rxg2 23. Kxg2 Qg3+ 0-1

[Event "Lugano New op 2nd"]
[Site "Lugano"]
[Date "2008.03.13"]
[Round "1"]
[White "Gallagher, Joseph G"]
[Black "Ludin, Hubert"]
[Result "1-0"]
[WhiteElo "2487"]
[BlackElo "2027"]
[PlyCount "97"]
[EventDate "2008.03.13"]
[EventType "swiss"]
[EventRounds "7"]
[EventCountry "SUI"]
[SourceTitle "EXT 2010"]
[Source "ChessBase"]
[SourceDate "2010.11.25"]
[SourceVersion "1"]
[SourceVersionDate "2010.11.25"]
[SourceQuality "1"]

1. e4 c6 2. d4 d5 3. Nc3 dxe4 4. Nxe4 Nf6 5. Nxf6+ exf6 6. c3 Bd6 7. Bd3 0-0 8. Qc2 Re8+ 9. Ne2 h6 10. Be3 Be6 11. Qd2 Bf8 12. 0-0 f5 13. c4 Nd7 14. Ng3 Qf6 15. Rad1 Nb6 16. b3 Rad8 17. Nh5 Qe7 18. Rfe1 Qh4 19. Nf4 Bc8 20. Qa5 Nd7 21. g3 Qe7 22. Bxf5 a6 23. Bh3 Nf6 24. Bxc8 Rxc8 25. d5 g5 26. Bd4 Qb4 27. Qxb4 Bxb4 28. Rxe8+ Nxe8 29. Nd3 Bf8 30. dxc6 Rxc6 31. Kg2 Nc7 32. Bb2 Rd6 33. Be5 Rd7 34. Nb2 Rxd1 35. Nxd1 Ne6 36. Kf3 Kh7 37. Ke4 Kg6 38. Kd5 Nd8 39. Bd6 Bg7 40. b4 f5 41. a4 Bf6 42. b5 axb5 43. cxb5 Kf7 44. Ne3 f4 45. gxf4 gxf4 46. Bxf4 h5 47. Nf5 Ke8 48. Be5 Bxe5 49. Kxe5 1-0

[Event "Lugano op"]
[Site "Lugano"]
[Date "2007.11.18"]
[Round "5.11"]
[White "Ludin, Hubert"]
[Black "Paleologu, Vladimir"]
[Result "0-1"]
[WhiteElo "2059"]
[BlackElo "2142"]
[PlyCount "104"]
[EventDate "2007.11.16"]
[EventType "swiss"]
[EventRounds "5"]
[EventCountry "SUI"]
[SourceTitle "CBM 121 Extra"]
[Source "ChessBase"]
[SourceDate "2008.01.10"]
[SourceVersion "1"]
[SourceVersionDate "2008.01.10"]
[SourceQuality "1"]

1. d4 g6 2. e4 d6 3. Bc4 Bg7 4. c3 e6 5. Nf3 h6 6. 0-0 Ne7 7. Nbd2 b6 8. Re1 Bb7 9. Nf1 Nd7 10. Bd3 a6 11. Bd2 0-0 12. Ng3 e5 13. dxe5 dxe5 14. Qe2 Nc5 15. Bc2 a5 16. Red1 Ba6 17. c4 Qe8 18. Be3 Ne6 19. b3 Nc6 20. Rac1 Qe7 21. Qe1 Bb7 22. Ne2 Rfd8 23. Nc3 Ncd4 24. Bxd4 Nxd4 25. Nxd4 exd4 26. Nd5 Qc5 27. Nf4 Qe5 28. Nd5 Qd6 29. Nc3 Bc8 30. Ne2 Be5 31. g3 Bg4 32. f4 Bg7 33. e5 Qc6 34. Qf2 Bf8 35. Bd3 Bc5 36. Rd2 Rd7 37. h4 Re8 38. Kh2 Kg7 39. Rf1 f6 40. exf6+ Qxf6 41. Qg2 Rde7 42. Ng1 Bb4 43. Rb2 Bc3 44. Rbb1 Re3 45. Qc2 Be1 46. Rbxe1 Rxe1 47. Rxe1 Rxe1 48. Be4 Qe6 49. Bd5 Qe3 50. Qg2 d3 51. f5 Qxg1+ 52. Qxg1 Rxg1 0-1

[Event "Lugano op"]
[Site "Lugano"]
[Date "2005.11.19"]
[Round "4"]
[White "Vignoli, Matteo"]
[Black "Ludin, Hubert"]
[Result "1/2-1/2"]
[WhiteElo "1956"]
[BlackElo "2107"]
[PlyCount "112"]
[EventDate "2005.11.18"]
[EventType "swiss"]
[EventRounds "6"]
[EventCountry "SUI"]
[SourceTitle "CBM 109 Extra"]
[Source "ChessBase"]
[SourceDate "2006.01.03"]
[SourceVersion "2"]
[SourceVersionDate "2006.01.03"]
[SourceQuality "1"]

1. e4 c6 2. d4 d5 3. Nc3 dxe4 4. Nxe4 Nf6 5. Ng3 e5 6. Be3 exd4 7. Qxd4 Be7 8. Nf3 0-0 9. Bc4 b5 10. Be2 a6 11. Qxd8 Rxd8 12. 0-0 c5 13. Rfd1 Rxd1+ 14. Rxd1 Nbd7 15. Nf5 Bf8 16. Nd6 Bxd6 17. Rxd6 Bb7 18. h3 Re8 19. Kf1 Nf8 20. Rb6 Bc8 21. a4 Nd5 22. Rd6 Nxe3+ 23. fxe3 bxa4 24. Bxa6 Bf5 25. Rd5 Bxc2 26. Rxc5 Bb3 27. Kf2 Ra8 28. Be2 Nd7 29. Rc3 Nf6 30. Bd3 g6 31. Nd4 Bd5 32. g4 Rb8 33. Rc2 Kg7 34. g5 Nd7 35. h4 Ne5 36. Be2 Be4 37. Rd2 Rc8 38. Nb5 Rc1 39. Nd4 h6 40. Kg3 f6 41. Kf4 Bb1 42. Nf3 hxg5+ 43. hxg5 Nxf3 44. Bxf3 fxg5+ 45. Kxg5 Rc5+ 46. Rd5 Rc7 47. Rb5 Kf8 48. Rb8+ Ke7 49. Rb7 Kd6 50. Rxc7 Kxc7 51. Bd1 Kd6 52. Bxa4 Ke7 53. Bc6 Bc2 54. Bd5 Bd3 55. e4 Kd6 56. Kxg6 Ke5 1/2-1/2